| 000 | 00682nam a22002177a 4500 | ||
|---|---|---|---|
| 008 | 120916t xxu||||| |||| 00| 0 eng d | ||
| 020 | _a9-7801-9955-4393 | ||
| 082 |
_222 ed. _a346.02 _bTAY |
||
| 100 |
_aTaylor, Richard _96672 |
||
| 245 |
_acontract law directions / _c Richard Taylor and Damian Taylor |
||
| 250 | _a2nd ed. | ||
| 260 |
_aLondon : _bOxford university press _c2009 |
||
| 300 |
_axxix. ; 409 p. : _bcol. ill. ; _c27 cm. |
||
| 500 | _aIncludes Index | ||
| 650 |
_acontracts _96673 |
||
| 650 |
_alaw of contracts _96674 |
||
| 650 |
_aLaw and ontracts _96675 |
||
| 650 |
_acontract law directions _96676 |
||
| 700 |
_a Taylor, Damian _96677 |
||
| 942 |
_2ddc _cBK |
||
| 999 |
_c5182 _d5182 |
||